| 000 | 00675nam a2200217Ia 4500 | ||
|---|---|---|---|
| 005 | 20250508165826.0 | ||
| 008 | 008 250505s9999 xx 000 0 eng d | ||
| 020 | _a978-0-444-63459-7 | ||
| 037 | _aReference | ||
| 040 |
_aFEDL _beng _cFEDL |
||
| 041 |
_aeng _2eng |
||
| 084 |
_a338.473 7, HAN/RR _qFEDL |
||
| 100 |
_aHanushek Eric A Ed. _9248636 |
||
| 245 | 0 | _aHandbook of the economics of education. V. 5 | |
| 260 |
_aBoston, USA _bElsevier Publishing Company _c2016 |
||
| 300 | _axiv, 765p. | ||
| 365 |
_aUSD _b150 |
||
| 700 |
_a Machin Stephen Ed. Woessmann Ludger Ed. _9782092 |
||
| 942 |
_cREF _h338.473 7, HAN/RR |
||
| 999 |
_c1397688 _d1397688 |
||